Mort subite Prénom de pape ou non ? (1) - Statistiques

Statistiques générales
  • Ce quiz a été pris 197 fois
  • Le résultat moyen est 6 sur 22
Answers on the Grid
Answers color-coded by a green-red scale on the quiz's grid according to % correct below.
Pierre
Lin
Anaclet
Clément
Evariste
Alexandre
Sixte
Télesphore
Hygin
Pie
Anicet
Soter
Eleuthère
Victor
Zéphyrin
Calixte
Jean-Paul
Urbain
Pontien
Charles
Louis
Lothaire
Théodoric
Lambert
Guy
Otton
Clotaire
Edmond
Sigismond
Henri
Raymond
Conrad
Frédéric
Auguste
Guillaume
Richard
Eusèbe
Philippe
Miltiade
Marc
 
Statistiques - réponses
Réponse % Correct
Jean-Paul
72%
Pie
62%
Urbain
60%
Pierre
52%
Clément
50%
Sixte
47%
Calixte
35%
Alexandre
31%
Marc
26%
Anicet
20%
Anaclet
19%
Eusèbe
16%
Evariste
16%
Zéphyrin
16%
Pontien
15%
Eleuthère
14%
Lin
14%
Victor
14%
Télesphore
13%
Hygin
9%
Soter
8%
Miltiade
7%
Aucun quiz correspondant
Distribution des résultats
% des personnes avec chaque résultat
Percentile par nombre de réponses
Votre historique - résultats
Vous n’avez pas pris ce quiz